000 00607nam a2200241Ia 4500
003 0100
008 130307s9999 xx 000 0 und d
020 _a0534231675
040 _cARRUPELIB
050 _aBJ69.S52 1995
100 _aShanahan, Timothy
245 _aReason and insight
245 _bwestern and eastern perspectives on the pursuit of moral wisdom
260 _aBelmont
260 _bWadsworth Publishing House
260 _c1995
300 _axix
300 _b483p. 24 cm.
650 _aETHICS
650 _bEcology--Religious aspects
700 _aWang, Robin
942 0 0 _01
999 _c96105
_d96105